000 00447nam a2200157 4500
001 108361
003 ES-MaACL
005 20230906184629.0
007 t|
008 061121s1976 sp r ||||1| spa d
100 1 _aMontero Aroca, Juan.
_982507
245 1 0 _aIntroducción al Derecho Procesal.
_b: Jurisdicción, acción y proceso.
260 _aMadrid :
_bTecnos,
_c1976.
300 _a305 p. ;
_c22 cm.
852 _aES-MaACL
_jA-6303
_bR.95133
999 _c108361
_d108361